Enciclopedia de la salud / (Registro nro. 8321)
[ vista simple ]
| 000 -LEADER | |
|---|---|
| fixed length control field | 00885nam a22002897a 4500 |
| 001 - CONTROL NUMBER | |
| control field | 0074 |
| 003 - CONTROL NUMBER IDENTIFIER | |
| control field | DO-SdBNP |
| 005 - DATE AND TIME OF LATEST TRANSACTION | |
| control field | 20170915111824.0 |
| 007 - PHYSICAL DESCRIPTION FIXED FIELD--GENERAL INFORMATION | |
| fixed length control field | 0074 |
| 008 - FIXED-LENGTH DATA ELEMENTS--GENERAL INFORMATION | |
| fixed length control field | 151001b ck 20uu | 00| 0 spa d |
| 020 ## - INTERNATIONAL STANDARD BOOK NUMBER | |
| International Standard Book Number | 9702201276 |
| 040 ## - CATALOGING SOURCE | |
| Original cataloging agency | BPMSU |
| Language of cataloging | spa |
| Transcribing agency | BPMSU |
| 082 #4 - DEWEY DECIMAL CLASSIFICATION NUMBER | |
| Classification number | 613.03 |
| Item number | E56s |
| 092 ## - LOCALLY ASSIGNED DEWEY CALL NUMBER (OCLC) | |
| Classification number | |
| 245 00 - TITLE STATEMENT | |
| Title | Enciclopedia de la salud / |
| Statement of responsibility, etc. | dirección médica Dr. Yves Morin, con la colaboración del Dr.Didier Armengaud y del Dr. Bernard Guyot |
| 260 ## - PUBLICATION, DISTRIBUTION, ETC. (IMPRINT) | |
| Place of publication, distribution, etc. | México : |
| Name of publisher, distributor, etc. | Larousse, |
| Date of publication, distribution, etc. | [200?] |
| 300 ## - PHYSICAL DESCRIPTION | |
| Extent | 5v. : |
| Other physical details | il., |
| Dimensions | 28 cm. |
| 500 ## - GENERAL NOTE | |
| General note | Incluye índice alfabético de materias |
| 650 ## - SUBJECT ADDED ENTRY--TOPICAL TERM | |
| Topical term or geographic name as entry element | MEDICINA |
| General subdivision | DICCIONARIOS Y ENCICLOPEDIAS |
| 650 ## - SUBJECT ADDED ENTRY--TOPICAL TERM | |
| Topical term or geographic name as entry element | SALUD |
| General subdivision | ENCICLOPEDIAS Y DICCIONARIOS |
| 700 12 - ADDED ENTRY--PERSONAL NAME | |
| Personal name | Morin, Yves |
| 700 12 - ADDED ENTRY--PERSONAL NAME | |
| Personal name | Armengaud, Didier, |
| Relator term | colab. |
| 700 12 - ADDED ENTRY--PERSONAL NAME | |
| Personal name | Guyot, Bernard |
| 942 ## - ADDED ENTRY ELEMENTS (KOHA) | |
| Source of classification or shelving scheme | Dewey Decimal Classification |
| Koha item type | Libros |
| 945 ## - LOCAL PROCESSING INFORMATION (OCLC) | |
| a | Inventariado / 2017 VM |
| 956 ## - LOCAL ELECTRONIC LOCATION AND ACCESS (OCLC) | |
| Host name | Brenda Tavárez |
| Withdrawn status | Lost status | Source of classification or shelving scheme | Damaged status | Not for loan | Collection code | Home library | Current library | Date acquired | Source of acquisition | Total Checkouts | Full call number | Barcode | Date last seen | Copy number | Price effective from | Koha item type |
|---|---|---|---|---|---|---|---|---|---|---|---|---|---|---|---|---|
| Dewey Decimal Classification | Colección de Referencia General | Biblioteca Pública Metropolitana Salomé Ureña | Biblioteca Pública Metropolitana Salomé Ureña | 10/01/2015 | Compra | R 613.03 E56s | BPMSU15100026 | 10/01/2015 | v. 1 | 10/01/2015 | Libros | |||||
| Dewey Decimal Classification | Colección de Referencia General | Biblioteca Pública Metropolitana Salomé Ureña | Biblioteca Pública Metropolitana Salomé Ureña | 10/01/2015 | Compra | R613.03 E56s | BPMSU15100027 | 10/01/2015 | v. 1, e. 2 | 10/01/2015 | Libros | |||||
| Dewey Decimal Classification | Colección de Referencia General | Biblioteca Pública Metropolitana Salomé Ureña | Biblioteca Pública Metropolitana Salomé Ureña | 10/01/2015 | Compra | R613.03 E56s | BPMSU15100028 | 10/01/2015 | v. 2 | 10/01/2015 | Libros | |||||
| Dewey Decimal Classification | Colección de Referencia General | Biblioteca Pública Metropolitana Salomé Ureña | Biblioteca Pública Metropolitana Salomé Ureña | 10/01/2015 | Compra | R613.03 E56s | BPMSU15100029 | 10/01/2015 | v. 2, e. 2 | 10/01/2015 | Libros | |||||
| Dewey Decimal Classification | Colección de Referencia General | Biblioteca Pública Metropolitana Salomé Ureña | Biblioteca Pública Metropolitana Salomé Ureña | 10/01/2015 | Compra | R613.03 E56s | BPMSU15100030 | 10/01/2015 | v. 3 | 10/01/2015 | Libros | |||||
| Dewey Decimal Classification | Colección de Referencia General | Biblioteca Pública Metropolitana Salomé Ureña | Biblioteca Pública Metropolitana Salomé Ureña | 09/02/2016 | Compra | R613.03 E56s v.1 | BPMSU16090061 | 09/02/2016 | v. 3, e. 2 | 09/02/2016 | Libros | |||||
| Dewey Decimal Classification | Colección de Referencia General | Biblioteca Pública Metropolitana Salomé Ureña | Biblioteca Pública Metropolitana Salomé Ureña | 09/02/2016 | Compra | R613.03 E56s v.2 | BPMSU16090066 | 09/02/2016 | v. 4 | 09/02/2016 | Libros | |||||
| Dewey Decimal Classification | Colección de Referencia General | Biblioteca Pública Metropolitana Salomé Ureña | Biblioteca Pública Metropolitana Salomé Ureña | 09/02/2016 | Compra | R613.03 E56s | BPMSU16090068 | 09/02/2016 | v. 4, e. 2 | 09/02/2016 | Libros | |||||
| Dewey Decimal Classification | Colección de Referencia General | Biblioteca Pública Metropolitana Salomé Ureña | Biblioteca Pública Metropolitana Salomé Ureña | 09/02/2016 | Compra | R613.03 E56s | BPMSU16090067 | 09/02/2016 | v. 5 | 09/02/2016 | Libros |